000 01010nas a2200361 4500
001 BR9803280
003 BR-BrBNA
005 20231205100816.0
007 ta
008 230509b bl.|||p| |||| 00| 00por d
040 _aBR-BrBNA
_bpor
_cBiblioteca Nacional de Agricultura
041 _a(Pt)
072 _aH50
100 1 _aFuzatto, M.G.
100 1 _aChiavegato, E.J.
100 1 _aCia, E.
100 1 _aLago, A.A.
100 1 _aKondo, J.I.
100 1 _aGondim-Tomaz, R.M.A.
100 1 _aSabino, N.P.
100 1 _aPettinelli Junior, A.
245 1 _aQualidade de fibra e da semente em plantas de algodoeiro afetadas pelo "murchamento avermelhado"
650 _aAlgodao
650 _aDisturbio Vegetal
650 _aSemente
650 _aFibra
650 _aSintoma
650 _aQualidade
650 _aSao Paulo
773 0 _tBragantia (Brazil)
_xISSN 0006-8705
_g(1997), v. 56(tomo 1) p. 91-96
_wBR9803280
909 _a202311
_bLúcia
_c55
_dLúcia Elande
942 _2AGRIS
_n0
_cANA
999 _c158214
_d158214